| 000 | 00758nam a22002057a 4500 | ||
|---|---|---|---|
| 999 |
_c4952 _d4952 |
||
| 003 | AR-CdUCM | ||
| 008 | 190311b ||||| |||| 00| 0 spa d | ||
| 040 |
_aMUNICIPALIDAD PROVINCIAL DEL CUSCO _cBIBLIOTECA MUNICIPAL DEL CUSCO |
||
| 082 |
_a869.56 / _bG45 |
||
| 100 |
_aGIbson Parra, Percy _915187 |
||
| 245 |
_aPrimera piedra : _bSonetos de la patria / |
||
| 260 |
_aLima : _bUniversidad Nacional Mayor de San Marcos, _c1966. |
||
| 300 |
_a84 paginas ; _c25 cm. |
||
| 505 | _aContenido : Las vertientes -- Epopeya del hombre y de la tierra -- Signos y perfiles -- Horizonte en el tiempo ... | ||
| 650 |
_aLiteratura peruana _9169 |
||
| 650 |
_aLiteratura Latinoamericana _9799 |
||
| 650 |
_aLiteratura andina _915188 |
||
| 942 |
_2ddc _cLIBROS |
||
| 945 | _arah | ||